Wszystkie grywalne postacie Diablo 2: LoD - Statystyki

Ogólne statystyki
  • Ten quiz został rozwiązany 39 razy
  • Średni wynik to 6 z 7
Statystyki odpowiedzi
Odpowiedź % Poprawnych
Barbarzyńca
100%
Nekromanta
96%
Amazonka
93%
Paladyn
93%
Druid
89%
Czarodziejka
86%
Zabójczyni
82%
Nie znaleziono quizów pasujących do podanych kryteriów
Rozkład punktacji
Procent ludzi z każdym wynikiem
Percentyl według liczby udzielonych odpowiedzi
Twoja historia wyników
Nie rozwiązałeś tego quizu